000 00608nam a22001817a 4500
999 _c185180
_d185180
005 20220131110759.0
010 _aENG-131329
020 _a9789353226152
_c295.00
035 _aEN-114861
037 _bDBAD
082 _a000
100 _aMishra, Prakash
245 _aIndian Air Force Airmen Group X & Y/
_bTechnical & Non-Technical Trades Exams-2021:
_cPrakash Mishra
260 _aNew Delhi
_bPrabhat Exam
_c2021
270 _bNew Delhi
_a4/19, Asaf Ali Road
_e110002
_k23289555, 23289666, 23289777
_mprabhatbooks@gmail.com
300 _a324p.
_c28cm(pbk)
942 _2ddc
_cEN
_h000
_mMIS